| 000 | 00819nam a2200193 i 4500 | ||
|---|---|---|---|
| 001 | 163045 | ||
| 003 | ES-MaACL | ||
| 005 | 20230906212646.0 | ||
| 008 | 970325s1855 sp |||| | spa d | ||
| 100 | 1 |
_aSabau y Larroya, Pedro ( _d1807-1879) _9101196 |
|
| 245 | 1 | 0 |
_aNoticia de las actas y tareas de la Real Academia de la Historia : _bleída en junta pública de 22 de abril de 1855. |
| 260 |
_aMadrid : _b[s.n.], _c1855 ( _fImp. a cargo de José Montegrifo) |
||
| 300 |
_aVI p. ; _c26 cm. |
||
| 530 | _aDisponible en formato digital. | ||
| 593 | _aAutor (p. VI): Pedro Sabau. | ||
| 610 | 2 | 4 |
_aReal Academia de la Historia (España) _96309 |
| 852 | 4 |
_aES-MaACL _jT-17-F-2 _z- Enc. hol. _z- Enc. en un vol. facticio |
|
| 856 | 4 |
_uhttp://bdh-rd.bne.es/viewer.vm?id=0000113230&page=1 _zBiblioteca Digital Hispánica |
|
| 999 |
_c163045 _d163045 |
||